The Archer - Taylor Swift (All Lyrics) - Statistics

General Stats
  • This quiz has been taken 665 times
    639 since last reset
  • The average score is 264 of 294
Answer Stats
Lyrics % Correct
a
99%
archer,
99%
I
99%
(I
99%
me
99%
me,
99%
me)
99%
me?
99%
the
99%
The
99%
Who
98%
who
98%
you
98%
You
98%
could
97%
been
96%
but
96%
But
96%
ever
96%
I've
96%
leave
96%
stay?
96%
stay
96%
to
96%
darling
95%
I'm
95%
of
95%
on
95%
for
94%
my
94%
all
93%
All
93%
right,
93%
right
93%
they
93%
They
93%
do?
92%
hold
92%
if
92%
prey
92%
see
91%
what
91%
in
90%
through
90%
And
89%
and
89%
ready
89%
Combat,
88%
combat
88%
'Cause
87%
go
87%
Help
87%
king's
87%
out
87%
say
87%
that,
87%
don't
86%
friends
86%
men
86%
want
86%
alone
85%
Can
85%
so
85%
again
84%
enemies
84%
said
84%
started
84%
Couldn't
83%
horses,
83%
movies
83%
put
83%
together
83%
come,
81%
cruelty
79%
die
79%
Easy
79%
easy
79%
is
78%
it's
78%
off
78%
up,
78%
almost
77%
heroes
77%
never
77%
got
75%
hundred
75%
getting
73%
just
73%
speeches
73%
fire,
72%
like
72%
wins
72%
years
72%
jump
71%
old
71%
night,
70%
room
70%
face
69%
ghost
69%
here?
69%
invisible
69%
reflection
69%
your
69%
cut
68%
from
68%
grew
68%
hate
68%
nose
66%
ride
66%
thrown
66%
train,
64%
wake
64%
Dark
63%
dark
63%
smoke
63%
alright,
62%
pace
61%
side,
61%
side
61%
search
59%
spite
59%
Then
58%
Screaming,
56%
No matching quizzes found
Score Distribution
Percent of People with Each Score
Percentile by Number Answered
Your Score History
You have not taken this quiz since the last reset